| 000 | 01656nam a2200313 i 4500 | ||
|---|---|---|---|
| 005 | 20220316235358.0 | ||
| 008 | 121119s1984 sp gs 000 p spa d | ||
| 020 | _a8475220932 | ||
| 040 |
_aCO-BoRNBP _bspa _cCO-BoRNBP _erda |
||
| 041 | _aspa | ||
| 100 | 1 |
_aPound, Ezra, _d1885-1972 _eautor |
|
| 245 | 1 | 0 |
_aAntologia _cEzra Pound ; traducción de José Coronel Urtecho y Ernesto Cardenal |
| 250 | _aPrimera edición | ||
| 264 | 1 |
_aMadrid _bVisor _c1984 |
|
| 300 |
_a224 páginas _c19 cm |
||
| 336 |
_atexto _btxt _2rdacontent |
||
| 337 |
_asin mediación _bn _2rdamedia |
||
| 338 |
_avolumen _bnc _2rdacarrier |
||
| 490 | _aVisor de poesía | ||
| 520 | 3 | _aEzra Pound (Hailey, U.S.A., 1885 - Venecia, 1972) ha sido una de las voces poéticas más ricas y universales de nuestro siglo. Es autor de una obra amplisima que, con el paso del tiempo, se está conviertiendo en inevitable quía de la poesía actual y maestro insustituible de las nuevas generaciones. En su obra, Pound busca incansablemente su propio Yo, siempre determinado por un conjunto de fuerzas sociales, históricas, psicológicas, culturales... que , al mismo tiempo que lo delimitan, lo definen. Con los Cantos llena el ámbito histórico - social y humano en el que vive, hasta reconocer los confines y la fisonomía de sí mismo | |
| 650 | 1 | 4 |
_aPoesía estadounidense _ySiglo XIX _2LEMB |
| 650 | 1 | 4 |
_aLiteratura estadounidense _ySiglo XIX _2LEMB |
| 650 | 1 | 4 |
_aHistoria _vPoesía _2LEMB |
| 650 | 1 | 4 |
_aSociedad _vPoesía _2LEMB |
| 700 | 1 |
_aCardenal, Ernesto, _d1925 _etraductor _9124500 |
|
| 700 | 1 |
_aCoronel Urtecho, José, _etraductor _9124501 |
|
| 942 |
_2loc _cBKLIT |
||
| 084 | _aP POU1 | ||
| 999 |
_c777 _d777 |
||